[Event "27th CRO-chT 1A-Men 2018"]
[Site "Biograd"]
[Date "2018.09.12"]
[Round "5.20"]
[White "Beliavsky, Alexander G"]
[Black "Korobov, Anton"]
[Result "0-1"]
[WhiteElo "2540"]
[BlackElo "2685"]
[Annotator "TA"]
[PlyCount "73"]
[EventDate "2018.09.08"]
[EventType "team-tourn"]
[EventCountry "CRO"]
[SourceTitle "playchess.com"]
[Source "ChessBase"]
[SourceQuality "1"]

{[%evp 25,73,19,20,0,31,-22,22,0,31,26,25,27,35,34,52,56,60,52,72,24,16,2,0,-31,0,0,0,0,0,4,10,-45,55,-54,-28,-104,-95,-197,-202,-282,-290,-459,-433,-1199,-687,-2967,-2794,-2497,-2476,-29992]} 1. d4 d5 2. c4 c6 3. Nf3 Nf6 4. Nc3 e6 5. Bg5 h6 6. Bxf6 Qxf6 7. e3 Nd7 8. Bd3 dxc4 9. Bxc4 g6 10. O-O Bg7 11. e4 e5 12. d5 {D43: Semi-Slav: 5 Bg5 h6} O-O (12... Nb6 13. Bb3 Bg4 14. Rc1 O-O 15. h3 Bxf3 16. Qxf3 Qxf3 17. gxf3 Rfc8 18. dxc6 Rxc6 19. Nd5 Bf8 20. Nxb6 axb6 21. Bd5 Rxc1 22. Rxc1 {½-½ (56) Leko,P (2734)-Gelfand,B (2739) Miskolc 2010 CBM 138 Extra [Berkes/Meszaros]}) 13. dxc6 bxc6 {LiveBook: 8 Games} 14. Qe2 {The position is equal.} Nc5 15. Rfd1 $146 (15. h3 $14) ({Predecessor:} 15. Rac1 Ne6 16. Bxe6 Bxe6 17. b3 Rfc8 18. Na4 Rc7 19. Qa6 Bg4 {0-1 (33) Pribyl,M (2331)-Konopka,M (2453) Prague 2000}) 15... Qe7 16. Qe3 Ne6 17. Na4 Nd4 18. Nxd4 exd4 19. Qd3 Kh8 20. Re1 Qd6 21. Qd2 Bd7 22. Rac1 c5 23. Nc3 Rae8 24. f4 g5 25. e5 Qg6 $36 {[%mdl 2048] Black has good play.} 26. Ne4 {Threatens to win with Nd6.} gxf4 27. Nxc5 Bc6 28. Bd3 (28. Nd3 $11) 28... Qh5 ({Black should try} 28... f5 $15) 29. Ne4 ({Reject} 29. Qxf4 $6 Rxe5 30. Ne4 Qg6 $11) ({White should play} 29. e6 $1 $14) 29... Ba8 $15 30. Rc5 (30. Nd6 $1 $11 Rxe5 31. Qxf4) 30... Rxe5 $17 31. Rxe5 (31. b4 $17 {was called for.}) 31... Bxe5 $19 32. Qf2 Rg8 {Hoping for ...f5.} 33. Bf1 {[#]} (33. Be2 $142 f3 34. Bxf3 Qxh2+ 35. Kf1) 33... d3 $1 {[%mdl 512] Black is clearly winning.} 34. Nd6 (34. Nc5 $142 Bxg2 35. Bxg2) (34. Bxd3 f5) 34... f6 {[%cal Bf7f6,Bf6e5][%mdl 32]} 35. Rxe5 fxe5 36. Qxa7 Bd5 {( -> ...d2)} 37. Qe7 {Precision: White = 26%, Black = 52%.} 0-1

[Event "27th CRO-chT 1A-Men 2018"]
[Site "Biograd"]
[Date "2018.09.12"]
[Round "5.21"]
[White "Stevic, Hrvoje"]
[Black "Sebenik, Matej"]
[Result "1-0"]
[WhiteElo "2579"]
[BlackElo "2570"]
[Annotator "TA"]
[PlyCount "75"]
[EventDate "2018.09.08"]
[EventType "team-tourn"]
[EventCountry "CRO"]
[SourceTitle "playchess.com"]
[Source "ChessBase"]
[SourceQuality "1"]

{[%evp 20,75,21,20,31,25,37,31,31,38,39,37,36,30,15,31,31,33,6,15,20,20,21,11,6,6,16,27,83,80,93,79,166,133,149,141,136,143,158,145,133,130,177,116,111,112,148,139,136,134,731,731,731,724,715,710,710,695]} 1. e4 c5 2. c3 Nf6 3. e5 Nd5 4. Nf3 Nc6 5. Bc4 {[%cal Bf1c4,Bc4b3,Bb3c2,Bc2e4][%mdl 32]} Nb6 6. Bb3 c4 7. Bc2 d6 8. exd6 Qxd6 9. O-O Bg4 {B22: Sicilian: 2 c3} (9... g6 10. b3 Bg7 11. Na3 cxb3 12. axb3 O-O 13. Nc4 Nxc4 14. bxc4 Be6 15. Qe2 Qc5 16. Ra4 Na5 17. d4 Qc7 18. Bd3 Rac8 19. Bf4 Qxf4 20. Rxa5 {½-½ (31) Piorun,K (2633)-Wojtaszek,R (2750) Warsaw 2018}) 10. Qe2 Qf6 11. Be4 {LiveBook: 6 Games} Ne5 {The position is equal.} 12. Bxb7 Nxf3+ 13. Bxf3 Bxf3 14. Qxf3 Qxf3 15. gxf3 e6 16. b3 O-O-O 17. Re1 Be7 $146 18. bxc4 Rd3 19. Re4 Rxf3 20. a4 Rd3 21. Ba3 (21. Na3 {feels hotter.} Nd7 22. Nb5 a6 23. Nd4 Bg5 24. f4) 21... Bxa3 22. Rxa3 Rhd8 23. Rb3 $36 {[%mdl 2048] White has some pressure.} Kc7 (23... R8d7 $11) 24. Re5 $16 Kc6 25. Ra5 R8d7 (25... Ra8 $16) 26. Rb4 Rb7 27. Na3 Rxd2 {[#]} 28. Nb5 $1 Nc8 {[#]} 29. Ra6+ $1 Kd7 30. c5 {[%cal Bc4c5,Bc5c6,Bc6c7][%mdl 32] aiming for c6+.} Ne7 31. Rxa7 ({Better is} 31. Nxa7 $18 Rc7 32. Rd4+ Rxd4 33. cxd4) 31... Rxa7 32. Nxa7 $18 {[%mdl 4096] Endgame Rb7+ is the strong threat. KRN-KRN} Rc2 33. Rb7+ Kd8 34. Nb5 Nd5 $2 {[%mdl 8192]} (34... Ra2 $16) 35. c6 {White is clearly winning.} Nxc3 36. Rd7+ Ke8 37. Nd6+ Kf8 38. c7 {Precision: White = 86%, Black = 45%.} 1-0

[Event "27th CRO-chT 1A-Men 2018"]
[Site "Biograd"]
[Date "2018.09.12"]
[Round "5.22"]
[White "Tica, Sven"]
[Black "Kozul, Zdenko"]
[Result "1/2-1/2"]
[WhiteElo "2442"]
[BlackElo "2600"]
[Annotator "TA"]
[PlyCount "138"]
[EventDate "2018.09.08"]
[EventType "team-tourn"]
[EventCountry "CRO"]
[SourceTitle "playchess.com"]
[Source "ChessBase"]
[SourceQuality "1"]

{[%evp 9,138,6,17,12,31,22,46,0,-15,-47,-38,-49,-42,-72,-81,-175,7,12,48,-37,-35,-35,-31,-29,-24,-34,-45,-60,-68,-66,-60,-83,-84,-121,-122,-117,-110,-121,-107,-121,-109,-139,-128,-156,-152,-147,-143,-165,-155,-191,-183,-171,-162,-157,-120,-121,-120,-118,-91,-115,-110,-134,-135,-147,-143,-130,-87,-87,-83,-65,-82,-79,-54,-67,-90,-112,0,0,0,0,0,0,0,0,0,0,0,0,0,0,0,0,0,0,0,0,0,0,0,0,0,0,0,0,0,0,0,0,0,0,0,0,0,0,0,0,0,0,0,0,0,0,0,0,0,0,0,0,0,0,0]} 1. Nf3 d6 2. d4 Nf6 3. g3 c5 4. Bg2 cxd4 5. Nxd4 e5 {LiveBook: 4 Games} 6. Nb3 {A46: 1 d4 Nf6 2 Nf3 e6: Torre, London and Colle Systems} h6 7. c4 $146 ({Predecessor:} 7. O-O Be7 8. c4 O-O 9. Nc3 Nc6 10. Be3 Na5 11. Nxa5 Qxa5 {1-0 (34) Hausrath,D (2502)-Lammens,T (2293) Vlissingen 2018}) 7... Qc7 8. Nc3 (8. N3d2 $14) 8... Qxc4 $11 9. Bd2 Nc6 10. Rc1 Qa6 11. a4 {And now Nb5 would win.} Be6 12. Nb5 (12. O-O $17) 12... Qxa4 $2 (12... Rc8 $19 13. Na5 d5) 13. Nc7+ Ke7 14. Na5 (14. Bxc6 $1 $14 bxc6 15. Ra1 Bxb3 16. Qc1) 14... Qxd1+ $15 15. Kxd1 Rc8 $1 {[%cal Rc8c7]} 16. Nxe6 fxe6 17. Nxc6+ bxc6 18. Rxc6 Rxc6 19. Bxc6 d5 20. b4 Kf7 21. f3 {[#]} Bxb4 $1 {[%mdl 512]} 22. Bxb4 {aiming for Bd6.} Rc8 $1 23. Bd6 {Threatens to win with Ba4.} Rxc6 24. Bxe5 $17 {[%mdl 4096] Endgame KRB-KRN} Nd7 25. Bd4 e5 26. Bb2 a5 {[%cal Ba7a5,Ba5a4][%mdl 32]} 27. f4 exf4 28. Rf1 Rc4 29. gxf4 a4 30. Rf3 Nc5 31. Rg3 g6 ({Don't play} 31... Rxf4 32. Rxg7+ Ke8 33. Rg8+ Kd7 34. Rg7+ Kc6 35. Rg6+ Kb5 36. Rxh6 $17) 32. Rh3 Rxf4 {...h5 is the strong threat.} 33. Rxh6 Rb4 34. Rh7+ Ke6 35. Ba3 Rd4+ 36. Ke1 {[#]} Ne4 $1 37. Ra7 Rc4 38. Ra6+ Kf5 39. Ra5 Ke5 40. Bb2+ Ke6 41. Ra6+ Kf5 {White must now prevent ...Rb4.} 42. Ra5 {[#]} Rc5 ({Black should try} 42... Rb4 $1 $17 {[%cal Rb4b2]} 43. Bc1 Ke5) 43. Rxa4 $11 {The position is equal.} Kg4 44. Kd1 g5 45. Ra3 Kf5 46. Rf3+ Ke6 47. h3 Rc7 48. Bd4 Rc4 49. Rd3 Kd6 50. Ke1 Rc1+ 51. Rd1 Rc2 52. Rd3 Ra2 53. Kf1 Ke6 54. Bh8 Rc2 55. Bd4 Rc1+ 56. Kg2 Re1 57. Kf3 Rf1+ 58. Kg2 Rb1 59. Ra3 Rd1 60. Rd3 Re1 61. Kf3 Rb1 62. Kg2 Rb4 63. Bh8 Ra4 64. Bd4 Kd6 65. Kf3 Ra8 66. Kg4 Ra2 67. Kf3 Ke6 68. Bh8 Ra7 69. Bd4 Rh7 {Precision: White = 62%, Black = 71%.} 1/2-1/2

[Event "27th CRO-chT 1A-Men 2018"]
[Site "Biograd"]
[Date "2018.09.12"]
[Round "5.23"]
[White "Palac, Mladen"]
[Black "Golubovic, Boris"]
[Result "1-0"]
[WhiteElo "2540"]
[BlackElo "2386"]
[Annotator "TA"]
[PlyCount "61"]
[EventDate "2018.09.08"]
[EventType "team-tourn"]
[EventCountry "CRO"]
[SourceTitle "playchess.com"]
[Source "ChessBase"]
[SourceQuality "1"]

{[%evp 18,61,9,0,12,7,23,11,25,26,47,46,237,227,224,240,228,182,200,187,266,219,245,250,276,284,289,227,217,197,318,288,352,352,345,312,365,281,1966,1942,1358,1316,29963,29964,6617,5816]} 1. e4 e5 2. Nf3 Nc6 3. Bb5 Bc5 4. c3 Nf6 5. d4 Bb6 6. O-O O-O 7. dxe5 Nxe4 8. Qd5 Nc5 9. Bg5 Ne7 10. Qd1 {LiveBook: 22 Games. C65: Ruy Lopez: Berlin Defence (3...Nf6), unusual lines and 4 0-0 Bc5} h6 (10... Ne4 11. Bh4 d5 12. exd6 Nxd6 13. Bd3 Bf5 14. Na3 Re8 15. Nc4 Bxd3 16. Qxd3 Nxc4 17. Qxc4 Qd5 18. Qxd5 Nxd5 19. Rfd1 c6 20. Kf1 f6 21. Bg3 Rad8 {½-½ (21) Bacrot,E (2675)-Sokolov,I (2690) Albert 2004}) 11. Bh4 a6 12. Bc4 {White has an edge.} d6 (12... g5 $5 {[%cal Rg5h4]} 13. Bg3 Ne4 $11) 13. exd6 cxd6 14. Re1 Be6 $146 {[#]} (14... Ne6 $14) ({Predecessor:} 14... g5 15. Bg3 d5 16. Bb3 Nf5 17. Be5 Ne4 {0-1 (63) Arditi Rocha,L (2044)-Mary,P (2211) ICCF email 2007}) 15. b4 $18 g5 16. bxc5 Bxc4 17. Bxg5 (17. cxb6 $6 gxh4 18. Nbd2 (18. Nxh4 Ng6 $16) 18... Bd5) 17... hxg5 18. cxb6 f6 (18... Ng6 $142 19. Nbd2 Bd5) 19. Qd4 d5 20. Nbd2 {[%cal Bb1d2,Bd2f3,Bf3e5][%mdl 32]} Rc8 21. h4 Ng6 {If only Black now had time for ...Nf4....} 22. hxg5 fxg5 23. Qg4 Rc6 (23... Bd3 $142 24. Qe6+ (24. Nxg5 Qxb6 25. Ndf3 Bf5 $16) 24... Kg7) 24. Ne5 ({Weaker is} 24. Qxg5 Qxg5 25. Nxg5 Nf4 $16) 24... Qxb6 25. Ndf3 ({Avoid the trap} 25. Nexc4 $2 Qxf2+ 26. Kh1 Nf4 $19) 25... Nxe5 26. Rxe5 Rg6 27. Rxg5 Kg7 $2 (27... Bd3 28. Ne5 Rxf2 29. Rxg6+ Bxg6 30. Qxg6+ Qxg6 31. Nxg6 Rc2) 28. Re1 {[#] White threatens Re7+ and mate.} Bd3 29. Re7+ Kg8 30. Ne5 Qxf2+ 31. Kh2 {Precision: White = 80%, Black = 22%.} 1-0

[Event "27th CRO-chT 1A-Men 2018"]
[Site "Biograd"]
[Date "2018.09.12"]
[Round "5.24"]
[White "Petrov, Jole"]
[Black "Jankovic, Alojzije"]
[Result "1-0"]
[WhiteElo "2397"]
[BlackElo "2558"]
[Annotator "TA"]
[PlyCount "113"]
[EventDate "2018.09.08"]
[EventType "team-tourn"]
[EventCountry "CRO"]
[SourceTitle "playchess.com"]
[Source "ChessBase"]
[SourceQuality "1"]

{[%evp 9,113,24,42,28,22,28,39,22,28,22,36,32,41,36,54,51,53,35,31,27,56,38,64,51,41,40,70,62,72,70,84,79,83,70,76,39,122,76,75,75,86,73,75,87,108,95,195,193,300,289,349,335,343,310,309,338,320,305,322,289,368,357,411,388,365,181,363,372,775,120,121,120,267,274,273,275,274,274,274,259,259,265,1481,1623,1481,1502,1400,945,708,570,12836,12836,12837,12837,12840,12841,12843,12843,12844,12844,12845,12845,12847,12847,12848,12848]} 1. d4 Nf6 2. c4 g6 3. g3 c6 4. Bg2 d6 (4... d5 5. cxd5 cxd5 6. Nf3 Bg7 7. Nc3 Ne4 8. Qa4+ Nc6 9. Ne5 Nxc3 10. bxc3 O-O 11. Nxc6 bxc6 12. O-O Qb6 13. Ba3 Qa6 14. Qxa6 Bxa6 15. Rfb1 Bxe2 16. Bxe7 Rfb8 17. Bd6 Rd8 18. Bc7 Rdc8 19. Bd6 Rd8 20. Bc7 Rdc8 21. Bd6 {½-½ (21) Dubov,D (2691)-Nepomniachtchi,I (2768) Satka 2018}) 5. Nf3 Qa5+ 6. Bd2 {E60: King's Indian: Unusual lines and Fianchetto Variation without Nc3} Qa6 7. b3 Ne4 $146 ({Predecessor:} 7... Bg7 8. Nc3 O-O 9. O-O d5 10. cxd5 cxd5 11. Ne5 Nc6 {½-½ (30) Ilic,Z (2313)-Banovic,I (2214) Zrenjanin 2018}) 8. Be3 {White is slightly better.} Bg7 9. Nbd2 Nf6 10. h3 b5 11. O-O O-O 12. Ne1 Be6 {[%cal Rb5c4]} 13. Qc2 Bf5 14. Nd3 bxc4 15. bxc4 Bxd3 16. Qxd3 Nbd7 17. Rab1 {[%cal Ba1b1,Bb1b3,Bb3a3,Ba3a6][%mdl 32]} Rfb8 18. Rb3 d5 19. Ra3 Qc8 20. Rc1 Qd8 21. Bf4 {Strongly threatening cxd5.} Rb7 22. e4 e6 (22... dxe4 $1 $14 23. Nxe4 Nxe4) 23. exd5 exd5 24. Ra6 Rb6 25. c5 Rxa6 26. Qxa6 Nh5 27. Bd6 Bxd4 (27... Bh6 $16) 28. Qxc6 Rc8 (28... Nhf6 {was necessary.}) 29. Qxd5 $18 Bxc5 30. Bxc5 Nhf6 31. Qg5 $1 Nxc5 32. Rxc5 Rxc5 33. Qxc5 Qxd2 34. Qxa7 h5 35. a4 $1 {[%cal Ba2a4,Ba4a5][%mdl 32]} h4 36. g4 Kg7 37. Bf1 (37. a5 $142) 37... Qd1 $2 (37... Qf4 {keeps fighting.} 38. a5 Nxg4 39. hxg4 Qxg4+ 40. Kh2 Qf4+ 41. Kh1 Qf3+ 42. Bg2 Qd1+ 43. Kh2 Qd6+ 44. Kh1 Qd1+ 45. Kh2 Qd6+ 46. Kg1 Qd1+ 47. Kh2) 38. a5 Nxg4 $2 (38... Ne4 39. Qe3 Nd2) 39. hxg4 $2 (39. Qc7 $18 {and White stays clearly on top.}) 39... Qxg4+ $16 40. Kh1 {Qe3 is the strong threat.} Qe4+ (40... Qf3+ $16 41. Bg2 Qd1+ 42. Kh2 Qd6+ 43. Kg1 Qd1+ 44. Kh2 Qd6+ 45. Kg1 Qd1+ 46. Kh2) 41. Bg2 $1 $18 {[%cal Rg2e4]} Qe1+ 42. Kh2 Qe5+ {[#]} 43. Kg1 $1 Qa1+ {[#]} 44. Bf1 $1 h3 {Now ...h2+ and Black clings on.} 45. Qa6 {Threatens to win with Qb5.} Qe1 $2 (45... Qa4 46. Bxh3 Qh4) 46. Qb5 {White is clearly winning.} h2+ 47. Kg2 h1=Q+ 48. Kxh1 Qxf2 49. Qe5+ f6 50. Qc7+ Kf8 51. Bc4 {[%csl Gc4][%cal Rc7f7]} Qe1+ 52. Kg2 {[%csl Gc4][%cal Rc7f7]} Qd2+ 53. Kf3 {[%csl Gc4][%cal Rc7f7]} Qc3+ 54. Ke4 {[%csl Gc4][%cal Rc7f7]} Qc2+ 55. Kd5 Qf5+ 56. Kc6 {[%csl Gc4][%cal Rc7f7]} Qe4+ 57. Kb6 {Precision: White = 73%, Black = 28%.} 1-0

[Event "27th CRO-chT 1A-Men 2018"]
[Site "Biograd"]
[Date "2018.09.12"]
[Round "5.25"]
[White "Movsesian, Sergei"]
[Black "Postny, Evgeny"]
[Result "1/2-1/2"]
[WhiteElo "2645"]
[BlackElo "2621"]
[Annotator "TA"]
[PlyCount "33"]
[EventDate "2018.09.08"]
[EventType "team-tourn"]
[EventCountry "CRO"]
[SourceTitle "playchess.com"]
[Source "ChessBase"]
[SourceQuality "1"]

{[%evp 12,33,-3,-8,8,8,12,0,19,-26,-25,-27,-19,-21,-17,-29,0,0,1,0,0,-13,-3,-12]} 1. e4 c6 2. d3 d5 3. Nd2 Qc7 4. g3 Nf6 5. Bg2 dxe4 (5... Bg4 6. Ngf3 e6 7. O-O Nbd7 8. c3 Be7 9. Qc2 O-O 10. Re1 a5 11. Nf1 Bh5 12. Bf4 Qb6 13. Nh4 a4 14. exd5 cxd5 {1-0 (50) Vachier Lagrave,M (2703)-Mchedlishvili,M (2637) Warsaw 2010}) 6. dxe4 {B10: Caro-Kann: 2 d3 and 2 c4} e5 7. Ngf3 {LiveBook: 14 Games} Be6 8. O-O Bc5 9. h3 $146 ({Predecessor:} 9. a4 a5 10. b3 Nbd7 11. Bb2 O-O 12. h3 {½-½ (60) Strikovic,A (2567)-Drazic,S (2480) Zlatibor 2007}) 9... h6 10. Nh4 O-O 11. Qf3 Nbd7 12. Nb3 Bb6 13. Nf5 Bxf5 14. Qxf5 {The position is equal.} Rfe8 15. a4 a5 16. Bd2 Re6 17. Rad1 {Precision: White = 46%, Black = 71%.} 1/2-1/2

[Event "27th CRO-chT 1A-Men 2018"]
[Site "Biograd"]
[Date "2018.09.12"]
[Round "5.26"]
[White "Pikula, Dejan"]
[Black "Nguyen, Thai Dai Van"]
[Result "0-1"]
[WhiteElo "2469"]
[BlackElo "2537"]
[Annotator "TA"]
[PlyCount "118"]
[EventDate "2018.09.08"]
[EventType "team-tourn"]
[EventCountry "CRO"]
[SourceTitle "playchess.com"]
[Source "ChessBase"]
[SourceQuality "1"]

{[%evp 17,118,2,11,11,6,12,5,-29,-27,-72,-81,-72,-81,-90,-92,-150,-153,-152,-127,-132,-106,-106,-106,-109,-90,-91,-93,-94,-90,-91,-90,-91,-91,-97,-73,-96,-58,-58,-61,-72,-72,-72,-73,-77,-71,-210,-147,-151,-147,-262,0,-170,0,-250,-224,-347,-250,-493,-501,-508,-277,-498,-483,-477,-543,-718,-712,-645,-646,-634,-643,-720,-715,-687,-685,-962,-920,-968,-964,-937,-910,-2395,-2503,-2113,-1685,-1343,-2444,-3047,-1539,-1823,-2415,-1604,-1921,-1876,-1668,-1564,-1487,-3107,-2648,-29975,-29976,-29976,-29977]} 1. d4 d5 2. Bf4 Nf6 3. e3 c5 4. c3 Nc6 5. Nd2 e6 6. Ngf3 Be7 7. Ne5 Nd7 {D02: 1 d4 d5 2 Nf3 sidelines, including 2...Nf6 3 g3 and 2...Nf6 3 Bf4} (7... O-O 8. Bd3 Bd6 9. Ndf3 Qc7 10. h4 Ne4 11. Qc2 f6 12. Nxc6 Bxf4 13. exf4 Qxc6 14. dxc5 f5 15. b4 Qc7 16. Ne5 {0-1 (34) Wei,Y (2729)-So,W (2780) chess.com INT 2018}) 8. Nxd7 Bxd7 9. Bd3 O-O {LiveBook: 5 Games. The position is equal.} 10. O-O c4 $146 ({Predecessor:} 10... a6 11. Nf3 f5 12. Ne5 Nxe5 13. Bxe5 Bb5 14. Bxb5 axb5 15. dxc5 Bxc5 16. Qd3 Qd7 {0-1 (49) Colas,J (2242)-Nyzhnyk,I (2594) Saint Louis 2017}) 11. Bc2 f5 12. f3 b5 (12... g5 $5 13. Bg3 $8 b5 $11) 13. b4 a5 14. a3 Qb6 {[%cal Ra5b4]} 15. Bg3 {[#]} e5 $1 {[%cal Ra5b4,Be6e5,Be5e4][%mdl 544]} 16. f4 (16. Bf2 $142) (16. dxe5 Qxe3+) 16... e4 $17 ({And not} 16... exd4 17. exd4 g6 18. Re1 $11) 17. Qe1 Ra7 18. Bh4 Rfa8 19. Bxe7 Nxe7 20. Rc1 axb4 21. axb4 Ra3 22. Bb1 Qd6 23. Rf2 Nc8 24. Nf1 Nb6 25. h3 Ra1 26. Bc2 Rxc1 27. Qxc1 Qb8 28. Bb1 Ra1 29. Ra2 Rxa2 30. Bxa2 Qa7 31. Qc2 (31. Bb1 $17 {keeps fighting.}) 31... Qa3 {White must now prevent ...Na4.} 32. Nd2 Qa4 $36 {[%mdl 2048] Black is on the roll.} 33. Qb1 (33. Qxa4 $17 Nxa4 34. Nb1) 33... Qa3 34. Qc2 Qa4 (34... Na4 $142 35. Nb1 Qb2 36. Qxb2 Nxb2) 35. Qb1 $1 $19 Be8 36. g4 (36. Kf1 {might work better.}) 36... Bd7 37. gxf5 $2 (37. g5) 37... Bxf5 38. Kg2 Kf7 39. Kg3 $2 (39. Nf1) 39... Kf6 40. Kh4 h6 41. Kg3 Qa3 42. Qc2 Na4 43. Nb1 Qb2 44. Qxb2 Nxb2 {[%mdl 4096] Endgame KBN-KBN} 45. Na3 Bd7 46. Kf2 Nd1+ 47. Ke1 Nxc3 48. Bb1 Bxh3 49. Kd2 Nxb1+ 50. Nxb1 {KB-KN} Bd7 51. Nc3 Bc6 52. Ke2 Kf5 53. Kf2 Kg4 54. Kg2 h5 {[%cal Bh6h5,Bh5h4,Bh4h3][%mdl 32]} 55. Nd1 {[#]} c3 $1 56. Nxc3 h4 57. Nd1 {[#]} h3+ $1 58. Kh2 Kf3 59. Kxh3 Ke2 {Precision: White = 41%, Black = 75%.} 0-1

[Event "27th CRO-chT 1A-Men 2018"]
[Site "Biograd"]
[Date "2018.09.12"]
[Round "5.27"]
[White "Sertic, Rudolf"]
[Black "Jovanovic, Zoran"]
[Result "1/2-1/2"]
[WhiteElo "2366"]
[BlackElo "2540"]
[Annotator "TA"]
[PlyCount "51"]
[EventDate "2018.09.08"]
[EventType "team-tourn"]
[EventCountry "CRO"]
[SourceTitle "playchess.com"]
[Source "ChessBase"]
[SourceQuality "1"]

{[%evp 9,51,32,35,2,14,3,-6,0,-3,-10,-4,0,12,6,2,0,0,-3,9,-8,-10,-15,-13,-18,-8,-14,0,-7,0,-6,-12,-18,-24,-24,0,0,0,-5,-7,-7,0,0,0,0]} 1. d4 d6 2. g3 g6 3. Bg2 Bg7 4. e4 c5 5. dxc5 Qa5+ 6. Nd2 {[%cal Bb1d2,Bd2f1,Bf1e3,Be3c2][%mdl 32] Threatening cxd6. B06: Modern Defence} (6. Bd2 {is interesting.} Qxc5 7. Nc3 Nf6 8. Nge2 O-O 9. O-O) (6. Bd2 Qxc5 7. Nc3 Nf6 8. Nge2 O-O 9. O-O Nc6 10. Be3 Qa5 11. h3 Be6 12. Nd5 Rfe8 13. c4 Rac8 14. Nef4 Ne5 15. b3 Nxd5 16. exd5 {1-0 (48) Milov,V (2659)-Hickl,J (2617) Switzerland 2007}) 6... Qxc5 7. Ngf3 (7. Ne2 {keeps more tension.} Nf6 8. Nb3 Qc7 9. O-O O-O 10. Nc3) 7... Nf6 8. O-O O-O 9. c3 Qc7 10. Re1 Nc6 11. Nf1 $146 ({Predecessor:} 11. Qe2 a6 12. Nc4 {1-0 (31) McKay,R-Dejonghe,B Norwich 1972}) 11... Rd8 12. Ne3 e6 13. Nc2 a6 14. Bg5 h6 15. Bxf6 Bxf6 16. Qd2 Bg7 17. Ne3 b6 18. Rad1 Bb7 19. h4 {[%cal Bh2h4,Bh4h5][%mdl 32]} Ne5 20. Nxe5 dxe5 21. Qe2 b5 22. h5 {The position is equal.} g5 23. Rxd8+ Rxd8 24. Rd1 Bf8 25. Rxd8 Qxd8 26. b4 {Precision: White = 31%, Black = 60%.} 1/2-1/2

[Event "27th CRO-chT 1A-Men 2018"]
[Site "Biograd"]
[Date "2018.09.12"]
[Round "5.28"]
[White "Bukal, Vladimir Jr"]
[Black "Biti, Ozren"]
[Result "1-0"]
[WhiteElo "2380"]
[BlackElo "2366"]
[Annotator "TA"]
[PlyCount "127"]
[EventDate "2018.09.08"]
[EventType "team-tourn"]
[EventCountry "CRO"]
[SourceTitle "playchess.com"]
[Source "ChessBase"]
[SourceQuality "1"]

{[%evp 13,127,30,44,26,31,24,22,37,30,24,53,56,54,54,51,61,58,62,87,76,97,57,92,112,94,93,118,108,136,121,134,143,133,109,193,192,207,189,233,107,226,125,151,135,153,125,300,271,375,156,155,156,158,171,200,195,194,191,248,236,233,243,245,254,235,229,205,225,215,191,156,11,67,0,159,14,57,16,150,125,132,132,156,154,151,151,346,297,360,358,380,364,560,531,2060,2092,2282,2217,2211,2147,1477,1295,1168,1127,1148,914,29978,29979,29976,29977,29987,29988,29989,29990,29992,29993]} 1. d4 d6 2. g3 g6 3. Bg2 Bg7 4. e4 Nd7 5. Ne2 e5 6. O-O Ne7 7. Nbc3 O-O {LiveBook: 20 Games} 8. a4 {B06: Modern Defence} (8. f4 exd4 9. Nxd4 Nc6 10. Be3 Nb6 11. b3 Qf6 12. Nce2 Bg4 13. c3 Rae8 14. Qd2 Qe7 15. f5 Bxe2 16. Nxe2 {0-1 (60) Rozum,I (2559)-Guseinov,G (2646) Minsk 2015}) 8... exd4 9. Nxd4 Nc6 10. Be3 {The position is equal.} Nde5 11. Nde2 Re8 $146 ({Predecessor:} 11... Bg4 12. h3 Bf3 13. Bxf3 Nxf3+ 14. Kg2 Nfe5 15. b3 Re8 {1-0 (78) Gulko,B-Muratov,V Moscow (Russia) 1974}) 12. b3 Ng4 13. Bf4 Nf6 14. Qd2 Bd7 15. h3 Qc8 16. g4 {[%cal Bg3g4,Bg4g5][%mdl 32]} h5 17. f3 {[%cal Bf2f3,Bf3f4][%mdl 32]} Ne5 18. g5 Nh7 19. Kh2 Nc6 20. Be3 Nb4 21. Rad1 c6 22. f4 d5 23. Bc5 (23. exd5 cxd5 24. Rc1 (24. Nxd5 Nxd5 25. Bxd5 Bxh3 $11) 24... Qc7 $16) 23... Na6 (23... a5 $16 {was called for.}) 24. Bd4 $18 Bxd4 25. Qxd4 (25. Nxd4 $6 dxe4 26. Nxe4 Qc7 $16) 25... Nc7 26. Qd2 (26. f5 $18 {and White stays clearly on top.}) 26... Re7 (26... Be6 $16) 27. exd5 ({White should try} 27. f5 $1 $18) 27... cxd5 28. Nd4 (28. Nxd5 $6 Nxd5 29. Bxd5 Bxh3 $11) 28... Nf8 29. Qd3 Nfe6 $2 (29... Qe8 $16) 30. Bxd5 (30. Nxd5 Nxd5 31. Bxd5 Qc7 $16) 30... Kh7 31. Bg2 (31. Bxe6 $18 {is more deadly.} Bxe6 32. Nxe6 fxe6 33. Ne4) 31... Nxd4 $16 32. Qxd4 Bf5 33. Rfe1 Qe8 34. Rxe7 Qxe7 35. Be4 Ne6 (35... Qe6 $142 36. Qd3 (36. Bxb7 Re8 $16) 36... Rc8) 36. Qe5 $18 Qc5 37. Qxc5 ({Stronger than} 37. Bxb7 Qf2+ 38. Kh1 Rf8 $17) 37... Nxc5 38. Bxf5 gxf5 {[%mdl 4096] Endgame KRN-KRN} 39. Rd5 Rc8 {intending ...Ne6.} 40. Rxf5 Kg6 41. Rd5 Nxb3 42. Rd3 ({Much less strong is} 42. cxb3 $6 Rxc3 43. Rd6+ Kg7 $14) (42. Ne4 $1 $16 Rxc2+ 43. Kg1) 42... Nc5 (42... Nd4 $11) 43. Rd5 (43. Rd2 $14) 43... b6 $2 (43... Nb3 $1 $11) 44. h4 ({White should play} 44. Kg3 $16) 44... Kg7 (44... Nxa4 $5 45. Nxa4 Rc4 $14) 45. f5 Re8 (45... Nxa4 $1 $11 46. Nxa4 Rc4) 46. Rd2 Re5 {[#]} 47. Rf2 $1 a5 {[#]} 48. Rf4 $1 Kf8 49. Kg2 Ke7 $2 (49... Nb7 $16) 50. Kf3 Kf8 51. Ne2 Na6 52. Ng3 Nb4 (52... b5 {keeps fighting.} 53. f6 (53. Nxh5 bxa4 54. Rxa4 Rxf5+ 55. Kg4 Rc5 $18) 53... bxa4 54. Rxa4 Nb4) 53. Rc4 Rc5 54. Rxc5 bxc5 55. Nxh5 Nxc2 {KN-KN} 56. Nf6 c4 57. Nd5 Nd4+ 58. Ke4 Ne2 59. f6 Kg8 60. Ke3 {White mates.} Ng3 61. Kf3 Nf1 62. h5 Nd2+ 63. Kf4 Nb1 64. g6 {Precision: White = 70%, Black = 26%.} 1-0